01028 2200325 4500001002100000005001500021035002000036007000300056008004100059020002200100040002200122082001400144084001600158090002000174090002200194100003000216245014900246250003000395300003800425650001100463700003100474850001200505504003300517264003400550336002100584337003000605338002300635999002200658990002200680INLIS00000000085120020190926104040 a0010-0919000473ta190926s2018 yoia g f 0 ind d a978-623-7210-50-4 aYOPDYOGbinderda04223a650.1 a650.1 HAS p aDEP 650.1 HAS p aCB-D.11 2019-12900 aHasna WijayatiePengarang1 aPanduan analisis SWOT untuk kesuksesan bisnis :bjangan buat strategi bisnis sebelum baca buku ini /cHasna Wijayati; penyunting, Arif Ishartadi aCetakan pertama, Mei 2019 avi, 250 halaman :btabel ;c20 cm 4aBisnis0 aArif IshartadiePenyunting aYOPDYOG aBibliografi: halaman 244-24631aYogyakarta :bQuadrant,c2019 2rdacontentateks 2rdamediaatanpa perantara 2rdacarrieravolume aCB-D.11/2019-1290 aCB-D.11/2019-1290